000 00433nam a2200169Ia 4500
003 LK-CoDNM
008 010623t1910 xxu||||| |||| 00| 1 eng d
040 _aLK-CoDNM
_dLK-CoDNM
_eLK-CoDNM
041 _aeng
080 _a12 Q 3
100 _aHastings,James.
245 _aEncyclopaedia of Religion and Ethics
260 _bT T Clark
_aEdinburgh
_c1910
300 _bxvi,901p., 28 cm
650 _aBurial-Confessions
942 _cBK
999 _c87245
_d87245